Políticos españoles #7 - Estadísticas

Estadísticas generales
  • Esta prueba ha sido intentada 28 veces
  • La puntuación promedio es 4 de 33
Estadísticas de respuestas
Imagen Respuesta % Correcto
Santiago Abascal
96%
Javier Ortega Smith
64%
José María Figaredo
56%
Pepa Millán
36%
Rocío de Meer
32%
Carlos Flores
28%
Jorge Campos
12%
Rocío Aguirre
12%
Carina Mejías
8%
Carlos Hernández
8%
Manuel Mariscal
8%
María de la cabeza Ruíz
8%
Francisco José Alcaraz
4%
Ignacio Gil Lázaro
4%
Jacobo González-Robatto
4%
Lourdes Méndez
4%
María de los Reyes Romero
4%
Patricia Rueda
4%
Alberto Asarta
0%
Andrés Alberto Rodríguez
0%
Ángel López
0%
Blanca Armario
0%
David García
0%
Emilio Jesús del Valle
0%
Ignacio Hoces
0%
Joaquín Robles
0%
José María Sánchez
0%
José Ramírez
0%
Juan José Aizcorbe
0%
Pablo Sáez
0%
Pedro Fernández
0%
Ricardo Chamorro
0%
Tomás Fernández
0%
No se encontraron pruebas coincidentes
Distribución de puntuación
Porcentaje de gente con cada puntuación
Porcentaje por número respondido
Historial de tus puntuaciones
No has intentado esta prueba.